000 00824cam a22002534a 4500
008
020 _a9780073050898 (pbk.)
049 _aMAIN
090 _aGE105
_bCUN
100 1 _aCunningham, William P.
245 1 0 _aPrinciples of environmental science :
_binquiry and applications /
_cWilliam P. Cunningham [and] Mary Ann Cunningham.
250 _a4th ed.
260 _aBoston :
_bMcGraw-Hill Higher Education,
_cc2008.
300 _axxii, 410 p. :
_bcol. ill. + maps. ;
_c28 cm.
504 _aIncludes bibliographical references.
500 _aIncludes index.
650 0 _aEnvironmental sciences.
700 1 _aCunningham, Mary Ann.
907 _a.b10286305
_b21-07-11
_c04-11-10
003
005 20230123125225.0
040 _cNUST
942 _cBOOKS
_kGE105
_mCUN
999 _c137855
_d137855